|
|
|
|
| LEADER |
00791nab#a2200289#ar4500 |
| 001 |
000002012 |
| 003 |
SVKKK |
| 005 |
00000000000000.0 |
| 008 |
c xo e sloo |
| FMT |
|
|
|
| 038 |
|
|
|a SVKKK
|
| 040 |
|
|
|a SVKKK
|b slo
|e AACR2
|
| 041 |
0 |
|
|a slo
|b eng
|
| 044 |
|
|
|a xo
|c SK
|
| 080 |
|
|
|a 556.16
|2 1981
|
| 080 |
|
|
|a 627.5
|2 1981
|
| 100 |
1 |
|
|a Krčmář, David
|4 aut
|
| 245 |
1 |
0 |
|a Využitie GISU pre stanovenie zóny inundácie
|c Krčmář David,
|
| 300 |
|
|
|b Obr.,
|
| 504 |
|
|
|a Res. angl., lit.
|
| 650 |
0 |
4 |
|a povodne
|x ochrana protipovodňová
|x modelovanie numerické
|z GIS metódy
|x analýzy
|x štúdie
|
| 773 |
0 |
|
|t Podzemná voda
|x 1335-1052
|g Roč. 8, č. 2(2002), s. 197-202
|
| 974 |
|
|
|d 030204
|a Čr
|
| 992 |
|
|
|a RBX
|
| BAS |
|
|
|
| 852 |
|
|
|a SVKKK
|b BIB
|
| 998 |
|
|
|a GEO
|